Анализ реализации интерфейса добавления образов в приложениях цифрового гардероба; Молодежь и современные информационные технологии

Detalles Bibliográficos
Parent link:Молодежь и современные информационные технологии.— 2024.— С. 438-444
Autor principal: Костин Д. А.
Sumario:Было рассмотрено 6 приложений цифрового гардероба на предмет реализации интерфейса комбинации предметов одежды. Было выбрано 3 приложений из корейского App Store и 3 из российского на основе популярности приложений: их позиции в поиске, рейтинге, отзывах и активности разработчиков
Текстовый файл
Lenguaje:ruso
Publicado: 2024
Colección:Цифровой дизайн и VR технологии
Materias:
Acceso en línea:http://earchive.tpu.ru/handle/11683/84874
Formato: Electrónico Capítulo de libro
KOHA link:https://koha.lib.tpu.ru/cgi-bin/koha/opac-detail.pl?biblionumber=675899

MARC

LEADER 00000naa2a2200000 4500
001 675899
005 20250226141630.0
090 |a 675899 
100 |a 20241028d2024 k||y0rusy50 ca 
101 0 |a rus 
102 |a RU 
135 |a drbn ---uucaa 
200 1 |a Анализ реализации интерфейса добавления образов в приложениях цифрового гардероба  |f Костин Д. А. 
225 1 |a Цифровой дизайн и VR технологии 
283 |2 RDAcarrier 
320 |a Список литературы: 10 назв 
330 |a Было рассмотрено 6 приложений цифрового гардероба на предмет реализации интерфейса комбинации предметов одежды. Было выбрано 3 приложений из корейского App Store и 3 из российского на основе популярности приложений: их позиции в поиске, рейтинге, отзывах и активности разработчиков 
336 |a Текстовый файл 
463 |0 674802  |9 674802  |c Томск  |d 2024  |n Изд-во ТПУ  |o сборник трудов XXI Международной научно-практической конференции студентов, аспирантов и молодых ученых, 15–18 апреля 2024 г., Томск  |t Молодежь и современные информационные технологии  |u conference_tpu-2024-C04.pdf  |v С. 438-444  |f ред. кол. А. С. Фадеев, Н. Г. Марков, В. Г. Спицын [и др.] 
610 1 |a электронный ресурс 
610 1 |a труды учёных ТПУ 
610 1 |a анализ 
610 1 |a интерфейс 
610 1 |a приложение 
610 1 |a цифровой гардероб 
700 1 |a Костин  |b Д. А. 
801 0 |a RU  |b 63413507  |c 20241028 
850 |a 63413507 
856 4 |u http://earchive.tpu.ru/handle/11683/84874  |z http://earchive.tpu.ru/handle/11683/84874 
942 |c CF